Alternative Urban Futures : Planning for Sustainable Development in Cities throughout the World /
Exploración de las aproximaciones y tecnologías adecuadas que pueden ser usadas en cinco áreas críticas -agua, alimentos, desperdicios, energía y transporte- para minimizar los impactos de las ciudades sobre sus propios medios ambientes, cuyo autora recoge numerosos ejemplos de propuestas exitosas,...
Salvato in:
| Autore principale: | |
|---|---|
| Natura: | Libro |
| Lingua: | inglese |
| Pubblicazione: |
Lanham, EUA :
Rowman and Littlefield,
2004, c2004
|
| Soggetti: | |
| Tags: |
Nessun Tag, puoi essere il primo ad aggiungerne!!
|
MARC
| LEADER | 00000nam^a2200000^a^4500 | ||
|---|---|---|---|
| 001 | 000184778 | ||
| 005 | 20250521000000.0 | ||
| 009 | 20260310102126.904 | ||
| 020 | |a 0-7425-2367-5 | ||
| 037 | |a Acervo ITESO - Biblioteca | ||
| 041 | |a ING | ||
| 082 | |a 711. 42 |b PIN | ||
| 100 | |a Pinderhughes, Raquel |e (autor) | ||
| 245 | 1 | 0 | |a Alternative Urban Futures : |b Planning for Sustainable Development in Cities throughout the World / |c R. Pinderhughes. |
| 264 | 4 | |a Lanham, EUA : |b Rowman and Littlefield, |c 2004, c2004 | |
| 300 | |a XVI, 272 p. | ||
| 336 | |a texto |b txt |2 rdacontenido | ||
| 337 | |a sin mediación |b n |2 rdamedio | ||
| 338 | |a volumen |b nc |2 rdasoporte | ||
| 520 | |a Exploración de las aproximaciones y tecnologías adecuadas que pueden ser usadas en cinco áreas críticas -agua, alimentos, desperdicios, energía y transporte- para minimizar los impactos de las ciudades sobre sus propios medios ambientes, cuyo autora recoge numerosos ejemplos de propuestas exitosas, social y ecológicamente responsables, implementadas en diversas partes del mundo. | ||
| 649 | |a XX | ||
| 650 | |a Transporte Urbano - |x Planeación | ||
| 650 | |a Transporte Urbano - |x Administración | ||
| 650 | |a Sistema de Transporte | ||
| 650 | |a Planeación Urbana | ||
| 650 | |a Desarrollo Urbano | ||
| 650 | |a Calidad del Agua | ||
| 650 | |a Agua - |x Abastecimiento | ||
| 650 | |a Agua - |x Administración | ||
| 650 | |a Abasto de Alimentos | ||
| 650 | |a Limpieza y Recolección de Basura | ||
| 650 | |a Desechos | ||
| 650 | |a Fuerza y Energía | ||
| 650 | |a Conservación y Protección Ambiental | ||
| 650 | |a Desarrollo Sustentable | ||
| 650 | |a Ingeniería Ambiental | ||
| 650 | |a Urbanismo | ||
| 910 | |a Fondo General | ||
| 920 | |a Impresos - Libros | ||
| 930 | |a Colección General | ||
| 905 | |a 101 | ||
| 901 | |a 0500125714 |b IT1 |c ACC |u 20250521 | ||
| 902 | |a https://opac.biblio.iteso.mx/vufind/Record/000184778 | ||